Naturaleza y conservación : (Registro nro. 8373)

Detalles MARC
000 -CABECERA
Campo de control interno 01747nam a2200229Ia 4500
008 - ELEMENTOS DE LONGITUD FIJA - INFORMACIÓN GENERAL
Campo de control de longitud fija 260220t2005||||xx |||||||||||||| ||spa||
040 ## - FUENTE DE CATALOGACIÓN
Agencia de catalogación original PY-SlUNAC
Idioma de catalogación spa
Convenciones de descripción rda
041 ## - CÓDIGO DE IDIOMA
Código de idioma para texto/pista de sonido o título separado spa
082 ## - NÚMERO DE CLASIFICACIÓN DECIMAL DEWEY
Clasificación Decimal Dewey (CDD) 598.209 882
Clasificación Expansiva de Cutter (EC) N219n
245 #0 - TÍTULO
Título Naturaleza y conservación :
Subtítulo revista de aves argentinas
264 ## - PIE DE IMPRENTA
Lugar Buenos Aires :
Editorial Asociación Ornitológica del Plata,
Año ℗2005.
300 ## - DESCRIPCIÓN FÍSICA
Páginas 1 volumen
520 ## - NOTA DE RESUMEN
Nota de resumen "Naturaleza y conservación: revista de aves argentinas" es una publicación de la Asociación Ornitológica del Plata que se centra en la investigación y conservación de las aves en Argentina. La revista aborda temas como la biodiversidad, ecología, comportamiento y la importancia de las aves en los ecosistemas locales, promoviendo un enfoque interdisciplinario que integra la biología, la conservación y la educación ambiental. A través de artículos científicos, informes de investigación y notas técnicas, se ofrece un espacio para la divulgación de conocimientos sobre las aves argentinas y las amenazas que enfrentan, como la pérdida de hábitat y el cambio climático. Además, se destacan iniciativas de conservación y proyectos comunitarios que buscan involucrar a la población en la protección de estas especies. La revista es un recurso valioso para investigadores, estudiantes y amantes de la naturaleza, contribuyendo al entendimiento de la avifauna argentina y la necesidad de su conservación en un contexto de creciente urbanización y desarrollo.
653 ## - MATERIA - TÉRMINO TEMÁTICO NO CONTROLADO (PALABRAS CLAVE)
Materia - término temático no controlado (palabras clave) Aves
653 ## - MATERIA - TÉRMINO TEMÁTICO NO CONTROLADO (PALABRAS CLAVE)
Materia - término temático no controlado (palabras clave) Conservación de la naturaleza
653 ## - MATERIA - TÉRMINO TEMÁTICO NO CONTROLADO (PALABRAS CLAVE)
Materia - término temático no controlado (palabras clave) Revistas
942 ## - ELEMENTOS PERSONALIZADOS (KOHA)
Fecha catalogación 2026/02/17
Tipo de documento Libros
Existencias
Fuente de Clasificacion Colección Ubicacion permanente Biblioteca actual Fecha de Ingreso a la Biblioteca Origen de adquisición Código de ubicación Código de barras Tipo de Item KOHA Nota pública
Dewey Decimal Classification Colección General (CG) Biblioteca e Internet, Facultad de Ciencias Exactas y Naturales Biblioteca e Internet, Facultad de Ciencias Exactas y Naturales 02/20/2026 Donación 598.209882 N219n CG1733 Libros Material disponible en la Biblioteca e Intenet, Campus UNA, San Lorenzo.